El Marqués de Castell-Florite, miembro de honor de la Academia de Doctores
Publicado:
San Jorge, núm. 66 (abril 1967), pàg 58 :
MARC
| LEADER | 00000nam a2200000Ia 4500 | ||
|---|---|---|---|
| 003 | BGR | ||
| 005 | 20260324175753.0 | ||
| 008 | 160829s9999 xx 000 0 cat d | ||
| 245 | |a El Marqués de Castell-Florite, miembro de honor de la Academia de Doctores | ||
| 260 | |a San Jorge, núm. 66 (abril 1967), pàg 58 | ||
| 600 | 1 | 0 | |a Buxó de Abaigar, Joaquín, |c marqués de Castell-Florite, |d 1905-1979 |9 54201 |
| 610 | 2 | 0 | |9 70079 |a Academia de Doctores del Distrito Universitario |
| 901 | |a Arxiu | ||
| 942 | |n 1 |2 udc |c MEM | ||
| 952 | |0 0 |1 0 |4 0 |7 1 |9 49782 |a Arxiu |b Arxiu |d 2016-12-01 |l 0 |r 2016-12-01 00:00:00 |w 2016-12-01 |y ARXIU | ||
| 999 | |c 53624 |d 53624 | ||